| 000 | 00517nam a2200157Ia 4500 | ||
|---|---|---|---|
| 008 | 160316s1992 xxu||||| |||| 00| 0 eng d | ||
| 082 |
_a610.000000 _bLIN |
||
| 100 | _alindsten Jan | ||
| 245 | _aPhysiology or medicine 1971 - 1980 | ||
| 250 | _a | ||
| 260 |
_aLondon _bWorld Scientific _c1992 |
||
| 300 |
_a660p _b _cvii |
||
| 365 | _bRs. 3,047 | ||
| 650 | _a1. Medicine - Physiology 2. Nobel Prizes - Medical Scientists - Biography 3. Physiologists - Medicine - Biography 4. Physiology - Nobel Prize | ||
| 700 |
_a _a |
||
| 999 |
_c31518 _d31518 |
||